000 00441nam a2200169Ia 4500
008 240729s9999 xx 000 0 und d
022 _a1687-9317
245 0 _aAdvances in Meteorology
260 _aUnited Kingdom
260 _bHindawi Limited
650 _a Meteorology. Climatology
650 _a Physics
650 _aScience
856 _uhttps://doaj.org/toc/87933053b4b74e4aa256bec71a4ad7cc
942 _2ddc
942 _cDOAJEJ
999 _c71567
_d71567
945 _a1
_bMadushi Gamage
_c1
_dMadushi Gamage